| 000 | 01915nam0a2200373 i 4500 | ||
|---|---|---|---|
| 001 | RU\NLR\BIBL_A\012842301 | ||
| 005 | 20241105152509.0 | ||
| 010 |
_a9785906514370 _9300 |
||
| 035 | _a(NLR Aleph) 012842301 | ||
| 090 |
_a12399822 _c12399822 |
||
| 100 | _a20220706d2020 um y0rusy50 ca | ||
| 101 | 0 | _arus | |
| 102 | _aRU | ||
| 105 | _aac||g||||||z| | ||
| 181 | 0 |
_ai3 _baxxe |
|
| 182 | 0 | _an | |
| 200 | 1 |
_aСинодик пострадавших, умученных и убиенных священно-церковнослужителей, монашествующих и мирян на территории Республики Карелия в годы гонений _e[сборник] _fКомиссия по канонизации святых Петрозаводской и Карельской епархии _gсоставитель: Константин Кукушкин |
|
| 203 |
_aТекст _bвизуальный _cнепосредственный |
||
| 210 |
_aПетрозаводск _cДва товарища _d2020 |
||
| 215 |
_a131, [1] с. _cил., цв. ил., портр. _d25 |
||
| 320 | _aБиблиогр. в подстроч. примеч. | ||
| 601 | 0 | 2 |
_aРусская православная церковь _yКарелия _z20 - 21 вв. _92279723 _3RU\NLR\AUTH\6601594245 |
| 608 |
_aСинодики _91548684 _3RU\NLR\AUTH\66977021 |
||
| 686 | 2 | _aЭ372.24-507.20 | |
| 686 | 2 | _aЭ372.24-39(2Р-6Кар)7 | |
| 702 | 1 |
_aКукушкин _bК. _gКонстантин _4220 |
|
| 712 | 0 | 2 |
_4570 _aПетрозаводская и Карельская епархия _bКомиссия по канонизации святых _9803733 _3RU\NLR\AUTH\880568617 |
| 942 | _cBOOK | ||
| 980 | _aNBR | ||